000 00662nam a2200277Ia 4500
005 20260324134031.0
008 008 260324s9999 xx 000 0 eng d
020 _a9780203005774
037 _aEBOOK
040 _aCRL
040 _beng
040 _cCRL
041 _2eng
041 _aeng
084 _qCRL
100 _aTony Royle; Brian Towers
_91195326
245 0 _aLabour Relations in the Global Fast-Food Industry
260 _bTaylor and Francis
260 _c2002
365 _a
365 _b300
856 _uhttp://www.taylorfrancis.com/books/9780203005774
942 _cEBOOK
999 _c1794962
_d1794962